| 000 | 00384nam a22001577a 4500 | ||
|---|---|---|---|
| 003 | OSt | ||
| 005 | 20160510094123.0 | ||
| 008 | 160510b xxu||||| |||| 00| 0 eng d | ||
| 020 | _a0815341571 | ||
| 040 | _cN/A | ||
| 100 | _aMinkoff Eli C | ||
| 245 |
_aBiology today _bAn issues approach |
||
| 250 | _a3rd ed | ||
| 260 |
_aNew York _bGarland publishing _c2004 |
||
| 942 |
_2lcc _cBK |
||
| 999 |
_c253388 _d253387 |
||